NCAA Men's Tournament Top Scorer 1980-2018 Quiz Stats

 Plays Quiz Updated Apr 2, 2018

Challenge
Share
Tweet
Embed
Score 0/42 Timer 10:00
1 Play Today
Year Answer % Correct
2003Carmelo Anthony
76.4%
2011Kemba Walker
71.9%
1991Christian Laettner
67.6%
1992Christian Laettner
67.6%
2015Frank Kaminsky
65.3%
2006Joakim Noah
62.3%
2001Jason Williams
60.5%
1982Rob Williams
60.2%
1993Donald Williams
60.2%
2013Russ Smith
58.9%
2016Buddy Hield
56.1%
2014Shabazz Napier
55.2%
1988Danny Manning
46.4%
1999Richard Hamilton
45.3%
2005Sean May
45.1%
1985Chris Mullin
44.1%
2006Glen Davis
41.9%
2002Juan Dixon
39.4%
1989Glen Rice
37.7%
2012Thomas Robinson
36%
1995Corliss Williamson
32%
Year Answer % Correct
2018Malik Newman
30%
1997Miles Simon
30%
2004Ben Gordon
29.3%
2010Kyle Singler
27.9%
2000Morris Peterson
27.3%
1987Steve Alford
23.3%
2008Chris Douglas-Roberts
23%
1996John Wallace
21.5%
1986Johnny Dawkins
21.3%
2009Wayne Ellington
19.8%
1990Dennis Scott
16.6%
2017Tyler Dorsey
15.8%
2002Jared Jeffries
15.4%
1980Joe Barry Carroll
14.8%
1987Rony Seikaly
13.2%
1998Michael Doleac
11.3%
2007Ron Lewis
8.9%
1983Dereck Whittenburg
8.8%
1994Khalid Reeves
6.4%
1981Al Wood
5.5%
1984Roosevelt Chapman
2.3%

You're not logged in!

Compare scores with friends on all Sporcle quizzes.
Join for Free
OR
Log In

You Might Also Like...

Show Comments

Extras

Top Quizzes Today


Score Distribution

Your Account Isn't Verified!

In order to create a playlist on Sporcle, you need to verify the email address you used during registration. Go to your Sporcle Settings to finish the process.

Report this User

Report this user for behavior that violates our Community Guidelines.

Details: